|
|
|
|
| LEADER |
00000nam a2200000 4500 |
| 008 |
190327b2018 cr ||||| |||| 00| | spa d |
| 999 |
|
|
|c 3681
|d 3681
|
| 090 |
|
|
|a 06.03.06
|b 239
|
| 100 |
|
|
|9 1584
|a Alvarado Cordero, Silvia
|
| 245 |
1 |
3 |
|a IX Foro del Consejo Centroamericano de Acreditación de la Educación Superior. La reinvención de la calidad de la educación: ministerios de educación y universidades de cara al bicentenario centroamericano /
|c Silvia Alvarado Cordero
|
| 260 |
|
|
|a [San José, Costa Rica] :
|b INIE,
|c 2018
|
| 300 |
|
|
|a 18 hojas
|
| 500 |
|
|
|a Informe Proyecto de Acción Social ED-3400
|
| 650 |
1 |
4 |
|9 8
|a EDUCACIÓN SUPERIOR
|
| 650 |
1 |
4 |
|9 11
|a CALIDAD DE LA EDUCACIÓN
|
| 650 |
1 |
4 |
|9 1135
|a ACREDITACIÓN (EDUCACIÓN)
|
| 651 |
|
4 |
|9 457
|a AMÉRICA CENTRAL
|
| 942 |
|
|
|i 004569
|h 06.03.06 239
|2 z
|c 04
|